Big 4 Sports Teams by Other Usage Quiz Stats

 Plays Quiz Updated Mar 8, 2017

Score 0/36 Timer 07:00
2 Plays Today
Clues Team Name % Correct
Mufasa and ScarDetroit Lions
92.1%
Tutankhamun and Henry VIILos Angeles Kings
91%
bald and goldenPhiladelphia Eagles
87.5%
Tony and TiggerDetroit Tigers
84.2%
Katrina and AndrewCarolina Hurricanes
81.6%
Cochise and Sitting BullKansas City Chiefs
80.2%
Hook and SmeePittsburgh Pirates
77.3%
Jolly Green and AndreNew York Giants
76.5%
Lucifer and BeelzebubNew Jersey Devils
74.2%
Eric the Red and Leif EricsonMinnesota Vikings
72.4%
Gamma and XTampa Bay Rays
70.5%
Balboa and MarcianoColorado Rockies
69.3%
Howdy Doody and Buffalo BillDallas Cowboys
68.8%
Lone and WalkerNew York Rangers
67.1%
Miller and CoorsMilwaukee Brewers
66.6%
Darkwing and QuackerjackAnaheim Ducks
62.7%
Paddington and CorduroyChicago Bears
60.7%
turquoise and ultramarineSt. Louis Blues
60.5%
Clues Team Name % Correct
Enquirer and GeographicWashington Nationals
60.1%
Gabriel and ArielLos Angeles Angels
58.1%
ruby and garnetCincinnati Reds
52.2%
Paris and RomeWashington Capitals
52.1%
Boeing and GulfstreamNew York Jets
51.2%
McCarthy and KennedyOttawa Senators
50.9%
William and HarryKansas City Royals
49.1%
Leroy and CharlieCleveland Browns
47%
Bixby and NyeBuffalo Bills
45.1%
Patrick and ValentineNew Orleans Saints
39.2%
Atlas and HyperionTennessee Titans
36.4%
Chilly Willy and OpusPittsburgh Penguins
36.1%
Thing 1 and Thing 2Minnesota Twins
32.8%
Pink and BlackFlorida Panthers
30.7%
Betelgeuse and RigelDallas Stars
28.7%
Tiger and BullSan Jose Sharks
24.9%
Sherman and GrantNew York Yankees
24.5%
Grosbeak and TanagerSt. Louis Cardinals
13.6%

You're not logged in!

Compare scores with friends on all Sporcle quizzes.
OR
Log In

Show Comments

Extras

Top Quizzes Today


Score Distribution

Your Account Isn't Verified!

In order to create a playlist on Sporcle, you need to verify the email address you used during registration. Go to your Sporcle Settings to finish the process.

Report this User

Report this user for behavior that violates our Community Guidelines.

Details: